Principles of Risk Management and Insurance / (Record no. 14983)
[ view plain ]
| 000 -LEADER | |
|---|---|
| fixed length control field | 02321nac a22003611u 4500 |
| 008 - FIXED-LENGTH DATA ELEMENTS--GENERAL INFORMATION | |
| fixed length control field | 100303s2009 mau|||||r|||| 001 0 eng d |
| 010 ## - LIBRARY OF CONGRESS CONTROL NUMBER | |
| LC control number | 2006036171 |
| 020 ## - INTERNATIONAL STANDARD BOOK NUMBER | |
| International Standard Book Number | 0137029136 |
| 020 ## - INTERNATIONAL STANDARD BOOK NUMBER | |
| International Standard Book Number | 9780137029136 |
| 035 ## - SYSTEM CONTROL NUMBER | |
| System control number | (OCoLC)ocm74916063 |
| 035 ## - SYSTEM CONTROL NUMBER | |
| System control number | (OCoLC)74916063 |
| 082 00 - DEWEY DECIMAL CLASSIFICATION NUMBER | |
| Classification number | 368.973 |
| Item number | REJ |
| Edition number | 22 |
| 100 ## - MAIN ENTRY--PERSONAL NAME | |
| Personal name | Rejda, George E., |
| 9 (RLIN) | 12219 |
| 245 10 - TITLE STATEMENT | |
| Title | Principles of Risk Management and Insurance / |
| Statement of responsibility, etc | George E. Rejda. |
| 250 ## - EDITION STATEMENT | |
| Edition statement | 11th ed., |
| Remainder of edition statement | Global |
| 260 ## - PUBLICATION, DISTRIBUTION, ETC. (IMPRINT) | |
| Place of publication, distribution, etc | Boston : |
| Name of publisher, distributor, etc | Pearson/Addison Wesley, 2011 |
| Date of publication, distribution, etc | 2011 |
| 300 ## - PHYSICAL DESCRIPTION | |
| Extent | xx, 731 p. ; |
| Dimensions | 26 cm. |
| 490 ## - Series Statement | |
| Series statement | The Prentice -Hall Series in Finance |
| -- | 19996 |
| 504 ## - BIBLIOGRAPHY, ETC. NOTE | |
| Bibliography, etc | Includes bibliographical references and index. |
| 650 #0 - SUBJECT ADDED ENTRY--TOPICAL TERM | |
| Topical term or geographic name as entry element | Insurance. |
| 9 (RLIN) | 12220 |
| 650 #0 - SUBJECT ADDED ENTRY--TOPICAL TERM | |
| Topical term or geographic name as entry element | Insurance |
| 9 (RLIN) | 12223 |
| Geographic subdivision | United States. |
| 650 #0 - SUBJECT ADDED ENTRY--TOPICAL TERM | |
| Topical term or geographic name as entry element | Risk (Insurance) |
| 9 (RLIN) | 12221 |
| 650 #0 - SUBJECT ADDED ENTRY--TOPICAL TERM | |
| Topical term or geographic name as entry element | Risk management. |
| 9 (RLIN) | 12222 |
| 856 41 - ELECTRONIC LOCATION AND ACCESS | |
| Materials specified | Table of contents only |
| Uniform Resource Identifier | <a href="http://www.loc.gov/catdir/toc/ecip074/2006036171.html">http://www.loc.gov/catdir/toc/ecip074/2006036171.html</a> |
| 942 ## - ADDED ENTRY ELEMENTS (KOHA) | |
| Item type | NB - Book (Non borrowing) |
| Call number prefix | 368.973 REJ |
| Source of classification or shelving scheme | Dewey Decimal Classification |
| Withdrawn status | Item status | Source of classification or shelving scheme | Damaged status | Not for loan | Vendor | Home library | Current library | Shelving location | Date acquired | Source of acquisition | Total Checkouts | Total Renewals | Full call number | Barcode | Date last seen | Date last borrowed | Koha item type |
|---|---|---|---|---|---|---|---|---|---|---|---|---|---|---|---|---|---|
| Dewey Decimal Classification | Baccah | Central Library | Central Library | First floor | 10/03/2011 | 4 | 6 | 368.973 REJ | 000022849 | 15/07/2025 | 14/02/2015 | Book - Borrowing | |||||
| Dewey Decimal Classification | Baccah | Central Library | Central Library | First floor | 10/03/2011 | 7 | 10 | 368.973 REJ | 000022850 | 15/07/2025 | 08/04/2015 | Book - Borrowing | |||||
| Dewey Decimal Classification | Baccah | Central Library | Central Library | First floor | 10/03/2011 | 8 | 9 | 368.973 REJ | 000022851 | 15/07/2025 | 02/05/2015 | Book - Borrowing | |||||
| Dewey Decimal Classification | Baccah | Central Library | Central Library | First floor | 10/03/2011 | 8 | 44 | 368.973 REJ | 000022852 | 15/07/2025 | 19/10/2015 | Book - Borrowing | |||||
| Dewey Decimal Classification | Baccah | Central Library | Central Library | First floor | 10/03/2011 | 7 | 19 | 368.973 REJ | 000022853 | 15/07/2025 | 12/04/2012 | Book - Borrowing | |||||
| Dewey Decimal Classification | Baccah | Central Library | Central Library | First floor | 10/03/2011 | 6 | 6 | 368.973 REJ | 000022854 | 15/07/2025 | 12/07/2012 | Book - Borrowing | |||||
| Dewey Decimal Classification | Baccah | Central Library | Central Library | First floor | 10/03/2011 | 5 | 21 | 368.973 REJ | 000022855 | 15/07/2025 | 27/02/2012 | NB - Book (Non borrowing) |